|
|
|
|
| LEADER |
00000nam0a2200000 4500 |
| 001 |
367870 |
| 005 |
20231102012027.0 |
| 020 |
|
|
|a RU
|b 83-29227ж
|
| 035 |
|
|
|a (RuTPU)RU\TPU\retro\25233
|
| 035 |
|
|
|a RU\TPU\book\323214
|
| 090 |
|
|
|a 367870
|
| 100 |
|
|
|a 20220324d1962 k y0rusy5003 ca
|
| 101 |
0 |
|
|a rus
|
| 102 |
|
|
|a RU
|
| 105 |
|
|
|a a z 001zy
|
| 200 |
1 |
|
|a Рифей и нижний кембрий Енисейского кряжа
|f М. А. Семихатов
|g Академия наук СССР (АН СССР), Геологический институт (ГИН)
|
| 210 |
|
|
|a Москва
|c Изд-во АН СССР
|d 1962
|
| 215 |
|
|
|a 242 с.
|c ил.
|e 17 вкл.
|
| 225 |
1 |
|
|a Труды геологического института (ГИН)
|v Вып. 68
|
| 320 |
|
|
|a Библиогр.: с. 228-236
|
| 606 |
1 |
|
|a Рифейские отложения
|2 stltpush
|3 (RuTPU)RU\TPU\subj\25248
|9 49451
|
| 606 |
1 |
|
|a Кембрий нижний
|2 stltpush
|3 (RuTPU)RU\TPU\subj\14265
|9 40706
|
| 610 |
1 |
|
|a стратиграфия
|
| 610 |
1 |
|
|a рифей
|
| 610 |
1 |
|
|a рифейские отложения
|
| 610 |
1 |
|
|a палеозойская группа
|
| 610 |
1 |
|
|a Енисейский кряж
|
| 610 |
1 |
|
|a строматолиты
|
| 610 |
1 |
|
|a таблицы
|
| 675 |
|
|
|a 551.72
|z rus
|v 3
|
| 675 |
|
|
|a 551.732.2
|z rus
|v 3
|
| 700 |
|
1 |
|a Семихатов
|b М. А.
|g Михаил Александрович
|4 070
|
| 712 |
0 |
2 |
|a Академия наук СССР (АН СССР)
|b Геологический институт (ГИН)
|c (Москва)
|2 stltpush
|3 (RuTPU)RU\TPU\col\11354
|
| 801 |
|
0 |
|a RU
|b RuMRKP
|c 19950704
|g psbo
|
| 801 |
|
1 |
|a RU
|b 63413507
|c 20150616
|
| 801 |
|
2 |
|a RU
|b 63413507
|c 20220324
|g RCR
|
| 942 |
|
|
|c BK
|